000 00381pab a2200145 454500
008 180718b1989 xxu||||| |||| 00| 0 eng d
100 _aFaaleiro, Eduardo
245 _aNehru and balanced economic growth
260 _c1989
300 _a674-5
362 _aNov.
650 _aNehru, Jawaharlal - Criticism and Interpretation
773 _aManagement Accountant
909 _a14296
999 _c14296
_d14296